书目信息 |
| 题名: |
地球奥秘
|
|
| 作者: | 利生 主编 ;张红强 副主编 | |
| 分册: | ||
| 出版信息: | 广州 广州世界图书出版公司 2010.08 |
|
| 页数: | 198页 | |
| 开本: | 23cm | |
| 丛书名: | 阳光教育必读书系 | |
| 单 册: | ||
| 中图分类: | P183-49 | |
| 科图分类: | ||
| 主题词: | 地球--青少年读物 | |
| 电子资源: | ||
| ISBN: | 978-7-5100-1220-4 | |
| 000 | 00812nam 2200253 450 | |
| 001 | 1033140156 | |
| 005 | 20100810091628.81 | |
| 010 | @a978-7-5100-1220-4@dCNY25.80 | |
| 100 | @a20100515d2010 km y0chiy0120 ea | |
| 101 | 0 | @achi |
| 102 | @aCN@b440000 | |
| 105 | @aa z 000yy | |
| 200 | 1 | @a地球奥秘@Adi qiu ao mi@f利生主编@Fli sheng zhu bian@g张红强副主编@Gzhang hong qiang fu zhu bian |
| 210 | @a广州@c广州世界图书出版公司@d2010.08 | |
| 215 | @a198页@c图@d23cm | |
| 225 | 2 | @a阳光教育必读书系 |
| 330 | @a本书内容有地球自身探密,地球地理科学,丰富的资源宝库,宇宙与地球等。 | |
| 410 | 0 | @12001 @a阳光教育必读书系 |
| 606 | 0 | @a地球@x青少年读物 |
| 690 | @aP183-49@v4 | |
| 701 | 0 | @a利生@Ali sheng@4主编 |
| 702 | 0 | @a张红强@Azhang hong qiang@4副主编 |
| 801 | 0 | @aCN@c20100515 |
| 905 | @dP183-49@eL367@f5 | |
| 地球奥秘/利生主编/张红强副主编.-广州:广州世界图书出版公司,2010.08 |
| 198页:图;23cm.-(阳光教育必读书系) |
| ISBN 978-7-5100-1220-4:CNY25.80 |
| 本书内容有地球自身探密,地球地理科学,丰富的资源宝库,宇宙与地球等。 |
| ● |
| 相关链接 |
|
|
|
正题名:地球奥秘
索取号:P183-49/L367
 
预约/预借
| 序号 | 登录号 | 条形码 | 馆藏地/架位号 | 状态 | 备注 |
| 1 | 1022784 | 210227841 | 社科二线400B/400B社科库 4排4列5层/ [索取号:P183-49/L367] | 在馆 | |
| 2 | 1022785 | 210227850 | 社科二线400B/400B社科库 4排4列5层/ [索取号:P183-49/L367] | 在馆 | |
| 3 | 1022786 | 210227869 | 自科库401/401自科库 111排2列5层/ [索取号:P183-49/L367] | 在馆 | |
| 4 | 1022787 | 210227878 | 社科二线400B/400B社科库 4排4列5层/ [索取号:P183-49/L367] | 在馆 | |
| 5 | 1022788 | 210227887 | 期刊室512/401自科库 111排1列4层/ [索取号:P183-49/L367] | 在馆 |